| 000 | 00935nam a2200241 a 4500 | ||
|---|---|---|---|
| 003 | DO-SdBNP | ||
| 005 | 20220928082738.0 | ||
| 007 | ta | ||
| 008 | 220920e2003 dr ||||grgl||s00| 0 spa d | ||
| 040 |
_aDO-SdBNP _bspa _cBNPHU |
||
| 082 | 4 |
_222 _bR337s |
|
| 245 | 0 | 0 | _aReglamento sobre el seguro de riesgos laborales, como norma complementaria a la Ley 87-01 que crea el sistema dominicano de seguridad social (IDSS) |
| 260 |
_aSanto domingo : _bCNSS, _c2003 |
||
| 300 |
_a60 p. ; _c21 cm. |
||
| 490 |
_aReglamentos y Normas _v008 |
||
| 590 | _aInventariado 2022 / MF | ||
| 650 | 4 |
_914351 _aSeguridad Social _xLegislación _zRepública Dominicana |
|
| 650 | 4 |
_911022 _aSistemas de Seguridad Social _zRepública Dominicana |
|
| 710 | 2 |
_963839 _aConsejo Nacional de Seguridad Social (República Dominicana) |
|
| 830 |
_aReglametos y Normas _lspa _n008 _pConsejo Nacional de Seguridad Social _982454 |
||
| 910 | _aMFeliz | ||
| 942 |
_2ddc _cLBS1 |
||
| 999 |
_c52431 _d52431 |
||